| 000 | 00663nam a2200217 a 4500 | ||
|---|---|---|---|
| 005 | 20210219152939.0 | ||
| 008 | 991125n 000 0 spa u | ||
| 035 | _aUPN01000068196 | ||
| 100 | _aCORTES CASTRO, Santos | ||
| 222 |
_aCORREO DEL MAESTRO : _bREVISTA PARA PROFESORES DE EDUCACION BASICA |
||
| 245 | _aComo iniciar la formación de una biblioteca recreativa en el aula? | ||
| 260 | _aMéxico | ||
| 300 | _a10-14 | ||
| 362 | _a1999 Año 4, no. 40, sept. | ||
| 653 | 0 | _aBIBLIOTECAS ESCOLARES | |
| 653 | 0 | _aESTRATEGIAS DE LECTURA | |
| 653 | 0 | _aFORMACION DE LECTORES | |
| 653 | 0 | _aLECTURA RECREATIVA | |
| 904 |
_aAC _b006007 |
||
| 905 | _aArticulo | ||
| 999 |
_c64409 _d64409 |
||